000 02897cam a2200253 4500500
005 20250123134851.0
041 _afre
042 _adc
100 1 0 _aDeru, Xavier
_eauthor
700 1 0 _a Hoët-Van Cauwenberghe, Christine
_eauthor
700 1 0 _a Leman-Delerive, Germaine
_eauthor
245 0 0 _aLes Nerviens et la résilience ? Un peuple en mutation de l’époque gauloise à l’époque romaine
260 _c2020.
500 _a66
520 _aPuissant peuple belge, les Nerviens sont écrasés par les Romains lors de la bataille du Sabis en 57 avant notre ère. Dans La Guerre des Gaules, César affirme leur avoir infligé de très lourdes pertes au cours d’un combat décisif. D’autres sources semblent cependant montrer que le récit césarien n’est pas totalement véridique. Loin d’être anéantis, les Nerviens disposent dans le cadre de l’Empire d’un riche territoire (Hainaut et Cambrésis) et jouissent d’un statut plutôt favorable : la civitas Nerviorum s’organise autour de Bavay et devient une civitas libera. L’élite dirigeante obtient rapidement la citoyenneté romaine et de nombreux Nerviens combattent dans l’armée, laissant des traces épigraphiques en Grande-Bretagne ou en Roumanie. Les Nerviens survivent donc, et même prospèrent. Ils conservent par ailleurs une identité culturelle, qui prend la forme de coutumes funéraires spécifiques liées au culte du foyer. Des hypogées caractéristiques sont surmontés de stèle de marbre sur lesquels les épitaphes sont peintes en lettres rouges.
520 _aPowerful Belgian people, the Nervians were attacked by the Romans and suffered a serious defeat at the battle of Sabis in 57 before our era. In The Gallic War, Caesar claims to have inflicted very heavy casualties on them in a decisive fight. Other sources, however, seem to show that the Caesarean tale is probably not entirely truthful. Far from being wiped out, the Nervians had a rich territory (Hainaut and Cambrésis) and enjoyed a rather favorable status within the framework of the Empire : the civitas Nerviorum was organized around Bavay and became a civitas libera. The ruling elite quickly obtained Roman citizenship and many Nervians fought in the army, leaving epigraphic traces in Great Britain or Romania. The Nervians therefore survived, and even throve. They also retained a kind of cultural identity, which took the form of specific funeral customs linked to the domestic cult. Characteristic hypogea were surmounted by black marble steles on which the epitaphs were painted in red letters.
690 _arite funéraire
690 _aBavay
690 _aromanisation
690 _aNerviens
690 _aGuerre des Gaules
786 0 _nRevue du Nord | 434 | 1 | 2020-11-03 | p. 19-38 | 0035-2624
856 4 1 _uhttps://shs.cairn.info/revue-du-nord-2020-1-page-19?lang=fr&redirect-ssocas=7080
999 _c830460
_d830460